Volume of Oriental Studies. (Record no. 55)

MARC details
000 -LEADER
fixed length control field 00553nam a2200229 a 4500
020 ## - INTERNATIONAL STANDARD BOOK NUMBER
ISBN
082 00 - DEWEY DECIMAL CLASSIFICATION NUMBER
Classification number 297
Author Cutter ARN
100 ## - MAIN ENTRY--AUTHOR NAME
Author name Arnold, T W
245 ## - TITLE STATEMENT
Title Volume of Oriental Studies.
260 ## - PUBLICATION, DISTRIBUTION, ETC. (IMPRINT)
Place of publication Cambridge
Name of publisher Cambridge University Press
Year of publication 1922
300 ## - PHYSICAL DESCRIPTION
Number of Pages 499p
500 ## - GENERAL NOTE
General note includes index and biblioraphy
505 2# - FORMATTED CONTENTS NOTE
Formatted contents note Index, Illus.
650 ## - SUBJECT ADDED ENTRY--TOPICAL TERM
Topical Term Islam-Miscellany
942 ## - ADDED ENTRY ELEMENTS (KOHA)
Koha item type Books
Holdings
Collection code Home library Current library Date acquired Cost, normal purchase price Full call number Accession Number Koha item type
  Henry Martyn Institute Library Henry Martyn Institute Library 07/27/2007 100.00 297 ARN 00625 Books
                   Copyright © 2026 | Henry Martyn Institute | Hyderabad | TS-500052 | INDIA | Implemented by hmi.edu.in
Hit-Count:

Powered by Koha